| 000 | 00581nam a2200193 i 4500 | ||
|---|---|---|---|
| 001 | bg | ||
| 100 | 1 | _aSŁOBODSKA, Mirosława. | |
| 245 | 1 | 0 |
_aPolsko-francuski słownik tematyczny / _cMirosława Słobodska. |
| 260 |
_aWarszawa : _bHarald G Dictionaries. Przedsiębiorstwo Wydawnicze, _c[1996]. |
||
| 300 |
_a381, [3] s. : _brys. ; _c20 cm. |
||
| 650 | 4 | _aSłowniki polsko-francuskie | |
| 020 | _a8386773057 | ||
| 040 | _cBPK | ||
| 041 | 0 | _afrpl | |
| 080 | _a811.162.1::811.133.1]'374 | ||
| 920 | _a83-86773-05-7 | ||
| 942 | _cKS | ||
| 008 | s pl f |000 0 pol | ||
| 999 |
_c34264 _d34264 |
||